Pays, États non-reconnus, Territoires et Iles du Monde - Statistiques

Statistiques générales
  • Ce quiz a été pris 5 688 fois
    5 488 depuis la dernière actualisation
  • Le résultat moyen est 187 sur 332
Réponses sur la Carte
Les réponses sont colorées sur une échelle allant du rouge au vert en fonction du pourcentage des utilisateurs qui les ont devinées à leur premier essai. Vous pouvez retrouver ces pourcentages ci-dessous.
 
Statistiques - réponses
Réponses % Correct
11 Canada
84%
10 États-Unis
84%
5 Mexique
81%
15 France
80%
- Groenland
80%
1 Islande
78%
7 Australie
77%
3 Brésil
77%
5 Espagne
77%
1 Irlande
77%
5 Italie
77%
23 Royaume-Uni
77%
8 Russie
77%
1 Allemagne
76%
1 Argentine
76%
3 Chili
76%
4 Chine
76%
- Corse
76%
1 Cuba
76%
5 Danemark
76%
- Guyane
76%
2 Japon
76%
- Palestine
76%
3 Portugal
76%
2 Suède
76%
1 Algérie
75%
1 Bahamas
75%
1 Belgique
75%
1 Bolivie
75%
1 Cap-Vert
75%
1 Colombie
75%
2 Finlande
75%
1 Haïti
75%
3 Inde
75%
1 Madagascar
75%
2 Maroc
75%
4 Norvège
75%
4 Nouvelle-Zélande
75%
5 Pays-Bas
75%
1 Pérou
75%
1 Suisse
75%
2 Turquie
75%
1 Ukraine
75%
1 Afghanistan
74%
2 Afrique du Sud
74%
2 Arabie Saoudite
74%
1 Autriche
74%
1 Biélorussie
74%
1 Chypre
74%
1 Corée du Nord
74%
1 Corée du Sud
74%
2 Costa Rica
74%
1 Égypte
74%
2 Équateur
74%
2 Grèce
74%
1 Guyana
74%
1 Honduras
74%
1 Indonésie
74%
2 Israël
74%
1 Kazakhstan
74%
- La Réunion
74%
1 Lituanie
74%
1 Malte
74%
1 Mongolie
74%
2 Panama
74%
1 Paraguay
74%
1 Pologne
74%
1 République démocratique du Congo
74%
1 République du Congo
74%
2 Tunisie
74%
1 Uruguay
74%
1 Venezuela
74%
1 Albanie
73%
1 Bulgarie
73%
1 Croatie
73%
3 Estonie
73%
1 Hongrie
73%
1 Irak
73%
1 Iran
73%
1 Jamaïque
73%
1 Kosovo
73%
1 Lettonie
73%
1 Libye
73%
1 Luxembourg
73%
1 Maldives
73%
1 Mali
73%
1 Nicaragua
73%
1 Niger
73%
1 Pakistan
73%
3 Papouasie-Nouvelle-Guinée
73%
1 République dominicaine
73%
1 République tchèque
73%
1 Roumanie
73%
1 Slovaquie
73%
1 Suriname
73%
1 Thaïlande
73%
2 Yémen
73%
1 Arménie
72%
1 Bosnie-Herzégovine
72%
1 Cambodge
72%
1 Cameroun
72%
1 Comores
72%
1 Émirats arabes unis
72%
1 Éthiopie
72%
1 Fidji
72%
3 Géorgie
72%
1 Guatemala
72%
1 Guinée
72%
1 Île Maurice
72%
1 Laos
72%
1 Macédoine du Nord
72%
1 Mauritanie
72%
1 Micronésie
72%
2 Moldavie
72%
1 Monténégro
72%
1 Népal
72%
1 Nigeria
72%
2 Oman
72%
1 Ouzbékistan
72%
1 Qatar
72%
1 Sénégal
72%
1 Serbie
72%
1 Seychelles
72%
1 Slovénie
72%
2 Somalie
72%
1 Soudan
72%
1 Sri Lanka
72%
1 Syrie
72%
1 Taïwan
72%
1 Turkménistan
72%
2 Viêt Nam
72%
1 Andorre
71%
2 Angola
71%
2 Azerbaïdjan
71%
1 Bangladesh
71%
1 Belize
71%
1 Bhoutan
71%
3 Birmanie
71%
1 Côte d'Ivoire
71%
- Guadeloupe
71%
1 Jordanie
71%
1 Kirghizistan
71%
1 Kiribati
71%
1 Liban
71%
1 Malaisie
71%
- Martinique
71%
1 Philippines
71%
1 République Centrafricaine
71%
1 Salvador
71%
- Sicile
71%
1 Soudan du Sud
71%
1 Tanzanie
71%
1 Tchad
71%
1 Togo
71%
1 Zambie
71%
1 Zimbabwe
71%
1 Bénin
70%
1 Burkina Faso
70%
2 Érythrée
70%
1 Gabon
70%
1 Guinée-Bissau
70%
1 Kenya
70%
1 Koweït
70%
1 Lesotho
70%
1 Liberia
70%
1 Namibie
70%
1 Rwanda
70%
1 Saint-Vincent-et-les-Grenadines
70%
1 Sao Tomé-et-Principe
70%
- Sardaigne
70%
1 Tadjikistan
70%
1 Vanuatu
70%
1 Vatican
70%
1 Botswana
69%
1 Djibouti
69%
1 Dominique
69%
1 Eswatini
69%
1 Ghana
69%
1 Guinée équatoriale
69%
1 Liechtenstein
69%
1 Malawi
69%
1 Monaco
69%
1 Mozambique
69%
1 Nauru
69%
1 Saint-Christophe-et-Niévès
69%
1 Sainte-Lucie
69%
1 Saint-Marin
69%
1 Salomon
69%
1 Samoa
69%
1 Tonga
69%
1 Tuvalu
69%
1 Barbade
68%
1 Îles Marshall
68%
1 Palaos
68%
2 Sierra Leone
68%
1 Trinité-et-Tobago
68%
1 Bahreïn
67%
1 Burundi
67%
1 Gambie
67%
1 Grenade
67%
- Mayotte
67%
1 Ouganda
67%
1 Antigua-et-Barbuda
66%
- Polynésie Française
66%
- Îles Féroé
65%
- Nouvelle-Calédonie
65%
- République arabe sahraouie démocratique
65%
1 Brunei
64%
1 Singapour
64%
1 Timor oriental
64%
- Hawaï
63%
- Îles Canaries
63%
1 Porto Rico
62%
- Chypre du Nord
60%
- Somaliland
59%
- Tasmanie
58%
- Hong Kong
57%
- Sainte-Hélène, Ascension et Tristan da Cunha
57%
- Saint-Martin
57%
- Saint-Pierre-et-Miquelon
57%
- Sint Maarten
57%
- Îles Vierges britanniques
56%
- Bermudes
55%
- Crète
55%
- Île de Man
55%
- Îles Malouines
54%
- Îles Vierges des États-Unis
54%
- Jersey
54%
- Îles Baléares
53%
- Curaçao
52%
- Gibraltar
52%
- Guernesey
52%
- Wallis-et-Futuna
52%
- Îles Caïmans
51%
- Îles Cook
51%
- Saint-Barthélemy
51%
- Transnistrie
51%
- Aruba
49%
- Macao
49%
- Ossétie du Sud
49%
- Guam
48%
- Île Christmas
48%
- Pays-Bas caribéens
48%
- Samoa américaines
48%
- Svalbard
48%
- Abkhazie
47%
- Îles Cocos (Keeling)
46%
- Îles Turques-et-Caïques
46%
- Açores
45%
- Terre-Neuve
45%
- Îles Mariannes du Nord
44%
- Île de Pâques
43%
- Îles Pitcairn
43%
- Niue
43%
- Madère
42%
- Anguilla
41%
- Haut-Karabagh
40%
- Île Norfolk
40%
- Îles Galápagos
40%
- Montserrat
40%
- Tokelau
35%
- Ceuta
27%
- Sakhaline
27%
- Åland
25%
- Île de Vancouver
25%
- Melilla
25%
- Géorgie du Sud et les Îles Sandwich du Sud
24%
- Île Clipperton
24%
- Île Victoria
24%
- Nouvelle-Zemble
24%
- Socotra
23%
- Terres australes et antarctiques françaises
23%
- Hainan
22%
- Île de Baffin
21%
- Îles Pélages
20%
- Îles Andaman-et-Nicobar
19%
- Seeland
19%
- Gotland
18%
- Île Cocos
18%
- Shetland
18%
- Île Bougainville
17%
- Île Jan Mayen
17%
- Île aux Ours
16%
- Île Banks
16%
- Grande Diomède
15%
- Petite Diomède
15%
- Île d'Ellesmere
14%
- Île du Prince-de-Galles
14%
- Îles de Nouvelle-Sibérie
14%
- Lakshadweep
14%
- Orcades
14%
- Île aux Tigres
13%
- Île Guadalupe
13%
- Îles du Prince-Édouard
13%
- Archipel Bismarck
12%
- Île de Skye
12%
- Île Kodiac
12%
- Île Southampton
12%
- Anglesey
11%
- Archipel d'Okinawa
11%
- Île de Bananal
11%
-- Île de Disko
11%
- Île de Marajó
11%
- Île Devon
11%
- Île Saint-Laurent
11%
- Île Somerset
11%
- Jura
11%
- La Galite
11%
- Lewis et Harris
11%
- Île de Chiloé
10%
- Île Graham
10%
- Île Pantelleria
10%
- Île Wrangel
10%
- Islay
10%
- Archipel des Dahlak
9%
- Île de Mull
9%
- Îles Farasan
9%
- Îles Tiwi
9%
- Saaremaa
9%
- Hiiumaa
8%
- Île Ángel de la Guarda
8%
- Île Coiba
8%
- Île Dirk Hartog
8%
- Phú Quốc
8%
- Île Cedros
7%
- Île Kolgouïev
7%
- Îles Solovki
7%
- Île Tiburón
7%
- Île Bonthe
6%
- Île de Cheduba
6%
- Île de Ramree
6%
- Masirah
6%
Aucun quiz correspondant
Distribution des résultats
% des personnes avec chaque résultat
Percentile par nombre de réponses
Votre historique - résultats
Vous n’avez pas pris ce quiz depuis la dernière actualisation